Statistiques concernant Devinez les logos avec des emojis / extreme

Cliquez ici pour prendre le quiz!

Statistiques générales

  • Ce quiz a été pris 242 fois
  • Le résultat moyen est 8 sur 10

Statistiques - réponses

QuestionRéponse% Correct
👻 🟨 📞Snapchat
98%
M🟨🟥McDonald’s
97%
🐤 ➡️ XTwitter
97%
🟥🐂🪽Red bull
96%
🐎🇮🇹🚗ferrari
95%
🖊️👤🟨⬛️Bic
93%
📹👀🟥Youtube
91%
🐟🟨Jet punk
65%
📱Apple
60%
⚽️🏟️🟦🇫🇷Paris saint germain
43%

Distribution des résultats

Percentile par nombre de réponses

% des personnes avec chaque résultat

Votre développement - résultats

Vous n’avez pas pris ce quiz